Gray's anatomy review / (رقم التسجيلة. 24228)

تفاصيل مارك
000 -الفاتح
حقل البيانات ثابتة الطول 01244cam a22002894a 4500
001 - رقم الضبط
رقم الضبط 15501364
003 - محدد رقم الضبط
رقم الضبط OSt
005 - وقت وتاريخ اخر تعامل مع التسجيلة
رقم الضبط 20150408114046.0
008 - عناصر البيانات ثابتة الطول - معلومات عامة
حقل البيانات ثابتة الطول 120623s2010 paua 000 0 eng
010 ## - رقم ضبط مكتبة الكونجرس
رقم ضبط مكتبة الكونجرس
020 ## - الرقم الدولى المعيارى للكتب
الرقم الدولى المعيارى للكتاب 9780808924036
040 ## - مصدر الفهرسة
وكالة النسخ MU
082 ## - رقم تصنيف ديوى العشرى
رقم الطبعة 21
رقم التصنيف 611.0076
رقم المادة G R A
245 10 - بيان العنوان
العنوان Gray's anatomy review /
بيان المسئوليه,etc Marios Loukas ... [et al.].
260 ## - PUBLICATION, DISTRIBUTION, ETC. (IMPRINT)
مكان الناشر او الموزع Philadelphia :
اسم الناشر او الموزع Churchill Livingstone/Elsevier,
تاريخ النشر أو التوزيع c2010.
300 ## - الوصف المادى
التعداد xi, 269 p. :
تفاصيل ماديه اخرى للوعاء ill.. (some col.) ;
أبعاد الوعاء 28 cm.
500 ## - تبصرة عامة
تبصرة عامة Questions in this review are correlated with the textbook Gray's anatomy for students and with Gray's atlas of anatomy.
505 0# - تبصرة محتويات-الفهرس
تبصرة المحتويات المصاغة Back -- Thorax -- Abdomen -- Pelvis and perineum -- Lower limb -- Upper limb -- Head and neck.
650 #4 - المدخل الاضافى بالموضوع-مصطلح موضوعى
مصطلح موضوعي أو اسم جغرافي كعنصر مدخل Human anatomy
التقسيم الفرعي الشكلي Examinations, questions, etc.
9 (RLIN) 16157
650 #4 - المدخل الاضافى بالموضوع-مصطلح موضوعى
مصطلح موضوعي أو اسم جغرافي كعنصر مدخل Anatomy
التقسيم الفرعي الشكلي Examination Questions.
9 (RLIN) 16158
700 1# - المدخل الاضافى - اسم شخصى
الإسم الشخصى Loukas, Marios.
9 (RLIN) 16159
730 0# - المدخل الاضافى- عنوان موحد
عنوان موحد Gray's anatomy for students.
9 (RLIN) 16160
730 0# - المدخل الاضافى- عنوان موحد
عنوان موحد Gray's atlas of anatomy.
9 (RLIN) 16161
906 ## - عنصر بيانات محلى F, LDF (RLIN)
a 7
b cbc
c orignew
d 1
e ecip
f 20
g y-gencatlg
942 ## - عناصر المدخل الإضافي( كوها)
مصدر التصنيف او مخطط الترفيف Dewey Decimal Classification
Koha [default] item type DVD
المقتنيات
حالة الفقد نموذج السعر الفعال حالة تلف ليس للاعارة رقم الطلب رقم النسخة تاريخ الاكتساب الموقع الحالي الباركود الفرع الرئيسي Date last seen نوع المادة فى نظام كوها مصدر التصنيف او خطة الترفيف Total Checkouts Total Renewals Date last checked out
  2013-03-10     611.0076 G R A C.1 2012-06-23 المكتبة المركزية بالمجمعة (CL) 00109855 المكتبة المركزية بالمجمعة (CL) 2013-03-10 كتاب Dewey Decimal Classification      
  2013-03-10     611.0076 G R A C.2 2012-06-23 المكتبة المركزية بالمجمعة (CL) 00109856 المكتبة المركزية بالمجمعة (CL) 2014-06-03 كتاب Dewey Decimal Classification 1 1 2014-04-15
  2013-03-10     611.0076 G R A C.3 2012-06-23 المكتبة المركزية بالمجمعة (CL) 00109857 المكتبة المركزية بالمجمعة (CL) 2013-03-10 كتاب Dewey Decimal Classification